000 00454nam a2200193Ia 4500
005 20250603145202.0
008 250603s9999 xx 000 0 und d
020 _a9781292021089
050 _aTS 161 .A76/
100 _aArnold, J. R. Tony
245 0 _aIntroduction to materials management
250 _a7th ed.
260 _aUnited States
260 _bPearson
260 _c2014
300 _a392 p
650 _aUnited States
942 _cBK
999 _c41123
_d41123